000 00245nam a22001097a 4500
999 _c260911
_d260910
020 _a0590422766
100 _aJohn Peterson
245 _aThe Littles and the Big Storm
260 _aNew York
_bScholastic
_c1979
300 _a80 pgs
942 _cBK